[Event "Niedersachsen-ch op"]
[Site "Verden"]
[Date "2016.01.04"]
[Round "3"]
[White "Schiermeyer, Lukas"]
[Black "Finke, Harald"]
[Result "1-0"]
[WhiteElo "1881"]
[BlackElo "1882"]
[PlyCount "57"]
[EventDate "2016.01.03"]
[EventType "swiss"]
[EventRounds "7"]
[EventCountry "GER"]
[SourceTitle "EXT 2018"]
[Source "ChessBase"]
[SourceDate "2017.10.13"]
[SourceVersion "1"]
[SourceVersionDate "2017.10.13"]
[SourceQuality "1"]

1. e4 e6 2. d4 d5 3. Nd2 Nf6 4. e5 Nfd7 5. Bd3 c5 6. c3 Nc6 7. Ne2 f6 8. Nf4 Qe7 9. Qh5+ Kd8 10. Nf3 cxd4 11. cxd4 fxe5 12. dxe5 h6 13. 0-0 Nc5 14. Bc2 Bd7 15. Ng6 Qe8 16. Qg4 Rg8 17. b4 Ne4 18. Nxf8 Qxf8 19. b5 Na5 20. Bxe4 dxe4 21. Qxe4 Bxb5 22. Rd1+ Ke8 23. Rd6 Qf7 24. Qb4 Bc6 25. Qxa5 Bxf3 26. gxf3 Qxf3 27. Qb5+ Kf8 28. Qd3 Qxd3 29. Rxd3 1-0

[Event "Niedersachsen-ch op-A"]
[Site "Verden"]
[Date "2015.01.03"]
[Round "3"]
[White "Finke, Harald"]
[Black "Ehlert, Horst"]
[Result "1/2-1/2"]
[WhiteElo "1928"]
[BlackElo "1975"]
[PlyCount "38"]
[EventDate "2015.01.02"]
[EventType "swiss"]
[EventRounds "7"]
[EventCountry "GER"]
[SourceTitle "EXT 2018"]
[Source "ChessBase"]
[SourceDate "2017.10.13"]
[SourceVersion "1"]
[SourceVersionDate "2017.10.13"]
[SourceQuality "1"]

1. d4 c5 2. d5 Nf6 3. Nf3 g6 4. c4 Bg7 5. Nc3 0-0 6. Bf4 d6 7. h3 Bf5 8. g4 Be4 9. Nxe4 Nxe4 10. Qc2 Qa5+ 11. Nd2 Nxd2 12. Bxd2 Qa6 13. e3 Nd7 14. Be2 b6 15. 0-0 Qb7 16. Rab1 Rac8 17. f4 a6 18. a4 Rb8 19. g5 e6 1/2-1/2

[Event "Niedersachsen-ch op-A"]
[Site "Verden"]
[Date "2015.01.02"]
[Round "2"]
[White "Rein, Joachim"]
[Black "Finke, Harald"]
[Result "1-0"]
[WhiteElo "1881"]
[BlackElo "1928"]
[PlyCount "91"]
[EventDate "2015.01.02"]
[EventType "swiss"]
[EventRounds "7"]
[EventCountry "GER"]
[SourceTitle "EXT 2018"]
[Source "ChessBase"]
[SourceDate "2017.10.13"]
[SourceVersion "1"]
[SourceVersionDate "2017.10.13"]
[SourceQuality "1"]

1. d4 d5 2. e3 Nf6 3. f4 Bf5 4. Nf3 e6 5. Be2 Be7 6. 0-0 0-0 7. c3 c5 8. Qe1 Ne4 9. Nbd2 Nd7 10. Nxe4 Bxe4 11. Qg3 Rc8 12. Qh3 f5 13. Nd2 Rf6 14. Nxe4 dxe4 15. g3 Rh6 16. Qg2 Nf6 17. a3 Qb6 18. Bd1 Rg6 19. Rb1 h5 20. Bd2 h4 21. Be1 Nd5 22. Qd2 Nf6 23. Kh1 hxg3 24. Bxg3 Ng4 25. Rg1 Kf7 26. Bxg4 Rxg4 27. Rg2 cxd4 28. exd4 Bxa3 29. d5 Be7 30. dxe6+ Qxe6 31. Bf2 Rxg2 32. Kxg2 Rd8 33. Qe2 a6 34. Be3 Rd3 35. Rg1 Qh6 36. Kh1 Bd6 37. Rg5 Qe6 38. Qh5+ Kg8 39. Bd4 Bf8 40. Rxf5 Rd1+ 41. Kg2 Qb3 42. Qe8 Rd2+ 43. Kh3 Rxh2+ 44. Kxh2 Qc2+ 45. Kh3 Qd3+ 46. Kh4 1-0

[Event "Niedersachsen-ch op-A"]
[Site "Verden"]
[Date "2013.01.04"]
[Round "3"]
[White "Mildner, Ramon"]
[Black "Finke, Harald"]
[Result "0-1"]
[WhiteElo "1630"]
[BlackElo "1967"]
[PlyCount "142"]
[EventDate "2013.01.03"]
[EventType "swiss"]
[EventRounds "7"]
[EventCountry "GER"]
[SourceTitle "EXT 2014"]
[Source "ChessBase"]
[SourceDate "2013.11.20"]
[SourceVersion "1"]
[SourceVersionDate "2013.11.20"]
[SourceQuality "1"]

1. e4 c6 2. d4 d5 3. e5 c5 4. dxc5 Nc6 5. Nf3 Bg4 6. Bb5 e6 7. Be3 Nge7 8. 0-0 Nf5 9. b4 Nxe3 10. fxe3 Qc7 11. Nbd2 Be7 12. Nb3 0-0 13. Bxc6 bxc6 14. Nbd4 a5 15. c3 axb4 16. cxb4 Ra3 17. Nc2 Ra6 18. Ncd4 Rfa8 19. Qb1 Bh5 20. Qb2 Qb7 21. Rfc1 Bg6 22. b5 Bd3 23. b6 Bc4 24. Nb3 Ra3 25. Nfd4 Bg5 26. Rc3 g6 27. Nf3 Bh6 28. Nfd2 Bb5 29. Kh1 Bg7 30. Nf3 Bc4 31. Nc1 R3a5 32. Nb3 R5a6 33. a3 Qb8 34. Nbd4 Qb7 35. a4 Ra5 36. Nb3 Rxa4 37. Rxa4 Rxa4 38. Nbd4 Ra2 39. Qb1 Ra8 40. h3 Bf8 41. Nb3 Ra3 42. Qb2 Rxb3 43. Rxb3 Bxb3 44. Qxb3 Bxc5 45. Nd4 Bxb6 46. Kh2 Qc7 47. Kh1 c5 48. Nf3 c4 49. Qc3 Ba5 50. Qc2 c3 51. Nd4 Qb6 52. Kh2 Kg7 53. h4 Qb2 54. g4 Qxc2+ 55. Nxc2 Bc7 56. Kg2 Bxe5 57. Kf3 f5 58. g5 Kf7 59. Kg2 Ke7 60. Kf3 Kd6 61. Kg2 Kc5 62. Kh3 Kc4 63. h5 Kb3 64. Ne1 c2 65. Nd3 Bd6 66. Kh4 Kc3 67. Nc1 Ba3 68. Ne2+ Kd2 69. Nd4 c1Q 70. Nb3+ Kxe3 71. Nxc1 Bxc1 0-1

[Event "Niedersachsen-ch op-B"]
[Site "Verden"]
[Date "2012.01.05"]
[Round "7"]
[White "Finke, Harald"]
[Black "Kuenitz, Bernhard"]
[Result "1/2-1/2"]
[WhiteElo "1994"]
[BlackElo "1882"]
[PlyCount "44"]
[EventDate "2012.01.02"]
[EventType "swiss"]
[EventRounds "7"]
[EventCountry "GER"]
[SourceTitle "EXT 2021"]
[Source "ChessBase"]
[SourceDate "2020.10.23"]
[SourceVersion "1"]
[SourceVersionDate "2020.10.23"]
[SourceQuality "1"]

1. d4 d5 2. Nf3 g6 3. Nbd2 Bg7 4. e3 Nf6 5. Bd3 0-0 6. 0-0 b6 7. Qe2 c5 8. c3 Bb7 9. b4 c4 10. Bc2 b5 11. Bb2 Nbd7 12. a4 a6 13. e4 dxe4 14. Nxe4 Nxe4 15. Bxe4 Bxe4 16. Qxe4 Nf6 17. Qe2 Qc7 18. Ne5 Nd5 19. f4 e6 20. Qf3 Bh6 21. g3 Bg7 22. Ng4 Qd7 1/2-1/2

[Event "Niedersachsen-ch op-B"]
[Site "Verden"]
[Date "2012.01.04"]
[Round "5"]
[White "Finke, Harald"]
[Black "Guennigmann, Manuel"]
[Result "1/2-1/2"]
[WhiteElo "1994"]
[BlackElo "2166"]
[PlyCount "46"]
[EventDate "2012.01.02"]
[EventType "swiss"]
[EventRounds "7"]
[EventCountry "GER"]
[SourceTitle "EXT 2021"]
[Source "ChessBase"]
[SourceDate "2020.10.23"]
[SourceVersion "1"]
[SourceVersionDate "2020.10.23"]
[SourceQuality "1"]

1. d4 Nf6 2. Nf3 g6 3. Nbd2 d5 4. e3 Bg7 5. Bd3 0-0 6. 0-0 c5 7. c3 Nbd7 8. Re1 b6 9. b4 Qc7 10. Rb1 a5 11. bxc5 bxc5 12. Ba3 Re8 13. Bb5 Ba6 14. Bxa6 Rxa6 15. Qe2 Raa8 16. Rb5 Rab8 17. Reb1 Rxb5 18. Rxb5 cxd4 19. cxd4 Qc2 20. Rb2 Qa4 21. Rb3 e6 22. Qb5 Qxb5 23. Rxb5 Ra8 1/2-1/2

[Event "Niedersachsen-ch op-B"]
[Site "Verden"]
[Date "2012.01.03"]
[Round "4"]
[White "Bergmann, Reinhold"]
[Black "Finke, Harald"]
[Result "0-1"]
[WhiteElo "1897"]
[BlackElo "1994"]
[PlyCount "54"]
[EventDate "2012.01.02"]
[EventType "swiss"]
[EventRounds "7"]
[EventCountry "GER"]
[SourceTitle "EXT 2021"]
[Source "ChessBase"]
[SourceDate "2020.10.23"]
[SourceVersion "1"]
[SourceVersionDate "2020.10.23"]
[SourceQuality "1"]

1. e4 c6 2. d4 d5 3. Nc3 dxe4 4. Nxe4 Bf5 5. Ng3 Bg6 6. Nh3 e6 7. Nf4 Bd6 8. c3 Qc7 9. Nxg6 hxg6 10. Ne4 Be7 11. g3 Nf6 12. Qe2 Nxe4 13. Qxe4 Nd7 14. Bg2 Nf6 15. Qe2 Bd6 16. Bd2 0-0-0 17. 0-0-0 Nd5 18. c4 Nf6 19. Kb1 c5 20. Be3 cxd4 21. Bxd4 Bc5 22. Be5 Qb6 23. Rxd8+ Rxd8 24. f4 Bd4 25. Rf1 Rd7 26. h3 Nh5 27. Qg4 Qxb2# 0-1

[Event "Niedersachsen-ch open"]
[Site "Verden"]
[Date "2010.01.03"]
[Round "2.22"]
[White "Finke, Harald"]
[Black "Sturm, Timo"]
[Result "0-1"]
[WhiteElo "2011"]
[BlackElo "1865"]
[PlyCount "80"]
[EventDate "2010.01.03"]
[EventType "swiss"]
[EventRounds "7"]
[EventCountry "GER"]
[SourceTitle "EXT 2012"]
[Source "ChessBase"]
[SourceDate "2011.11.24"]
[SourceVersion "1"]
[SourceVersionDate "2011.11.24"]
[SourceQuality "1"]

1. d4 Nf6 2. Nf3 d6 3. Nbd2 Nc6 4. e4 Bg4 5. c3 e6 6. Bd3 Be7 7. 0-0 0-0 8. Re1 Re8 9. Nf1 h6 10. Ng3 d5 11. e5 Nd7 12. h3 Bxf3 13. Qxf3 Bg5 14. Bc2 Na5 15. Qd3 g6 16. f4 Bh4 17. Rf1 f5 18. exf6 Qxf6 19. Bd2 Nc4 20. Be1 Bxg3 21. Qxg3 Kh7 22. b3 Nd6 23. Qf3 Rf8 24. g4 Rae8 25. Kg2 Rf7 26. h4 Kg7 27. Bd2 Qxh4 28. Rh1 Qd8 29. f5 g5 30. Qh3 Qf6 31. Raf1 exf5 32. Bd3 f4 33. Re1 Ne4 34. Bc1 Rfe7 35. Bc2 Ng3 36. Rxe7+ Rxe7 37. Bd3 Nxh1 38. Qxh1 Qe6 39. Qh3 Nf6 40. Kf3 h5 0-1

[Event "Niedersachsen-ch op"]
[Site "Verden"]
[Date "2009.01.05"]
[Round "5"]
[White "Finke, Harald"]
[Black "Pfemeter, Felix"]
[Result "1-0"]
[WhiteElo "2008"]
[BlackElo "1842"]
[PlyCount "39"]
[EventDate "2009.01.03"]
[EventType "swiss"]
[EventRounds "7"]
[EventCountry "GER"]
[SourceTitle "EXT 2012"]
[Source "ChessBase"]
[SourceDate "2011.11.24"]
[SourceVersion "1"]
[SourceVersionDate "2011.11.24"]
[SourceQuality "1"]

1. d4 Nf6 2. Nf3 g6 3. Nbd2 Bg7 4. e4 d6 5. Bd3 0-0 6. 0-0 e5 7. dxe5 dxe5 8. Nxe5 Nxe4 9. Nxf7 Rxf7 10. Nxe4 Kh8 11. Bg5 Qd5 12. Qe2 Be6 13. Rad1 Nc6 14. c3 Qa5 15. b4 Qf5 16. h4 Qe5 17. f4 Qd5 18. Nc5 Re8 19. Bxg6 Qxa2 20. Qxa2 1-0

[Event "Niedersachsen-ch op"]
[Site "Verden"]
[Date "2009.01.05"]
[Round "6"]
[White "Grabenhorst, Joerg"]
[Black "Finke, Harald"]
[Result "1/2-1/2"]
[WhiteElo "1821"]
[BlackElo "2008"]
[PlyCount "31"]
[EventDate "2009.01.03"]
[EventType "swiss"]
[EventRounds "7"]
[EventCountry "GER"]
[SourceTitle "EXT 2012"]
[Source "ChessBase"]
[SourceDate "2011.11.24"]
[SourceVersion "1"]
[SourceVersionDate "2011.11.24"]
[SourceQuality "1"]

1. d4 Nf6 2. Bg5 e6 3. Nd2 d5 4. e3 c5 5. Ngf3 Nc6 6. c3 Bd7 7. Bd3 cxd4 8. exd4 Bd6 9. Qe2 Qc7 10. Bc2 0-0-0 11. 0-0-0 Kb8 12. Kb1 Rc8 13. Rc1 Rhe8 14. Bxf6 gxf6 15. Qd3 h6 16. Qh7 1/2-1/2

[Event "Niedersachsen-ch"]
[Site "Verden"]
[Date "2008.01.05"]
[Round "5"]
[White "Finke, Harald"]
[Black "Vehmeyer, Thomas"]
[Result "1-0"]
[WhiteElo "1994"]
[BlackElo "1949"]
[PlyCount "81"]
[EventDate "2008.01.03"]
[EventType "swiss"]
[EventRounds "7"]
[EventCountry "GER"]
[SourceTitle "EXT 2010"]
[Source "ChessBase"]
[SourceDate "2010.11.25"]
[SourceVersion "1"]
[SourceVersionDate "2010.11.25"]
[SourceQuality "1"]

1. d4 d5 2. Nf3 Nf6 3. e3 c6 4. Nbd2 Bg4 5. c4 e6 6. Qb3 Qb6 7. c5 Qc7 8. Ne5 Bh5 9. Bd3 Bxc5 10. g4 Bxd4 11. exd4 Bxg4 12. Rg1 Bh5 13. Rxg7 Nbd7 14. f4 0-0-0 15. Nf1 Nxe5 16. fxe5 Ne4 17. Bxe4 dxe4 18. Rg5 Bf3 19. Be3 Qe7 20. Rg3 Rhg8 21. Rc1 Rxg3 22. hxg3 Rd5 23. Rc4 h5 24. Qa3 Qd8 25. Rc5 Kb8 26. Rxd5 exd5 27. Qd6+ Kc8 28. Qxd8+ Kxd8 29. Bg5+ Kc7 30. Ne3 Bg4 31. Nxg4 hxg4 32. b4 Kd7 33. Kf2 Ke6 34. a4 a6 35. a5 Kd7 36. Ke3 Kc7 37. Kf4 b6 38. Kf5 c5 39. axb6+ Kxb6 40. dxc5+ Kc6 41. Be3 1-0

[Event "Niedersachsen-ch"]
[Site "Verden"]
[Date "2008.01.04"]
[Round "4"]
[White "Kaiser, Jonas"]
[Black "Finke, Harald"]
[Result "1-0"]
[WhiteElo "1568"]
[BlackElo "1990"]
[PlyCount "67"]
[EventDate "2008.01.03"]
[EventType "swiss"]
[EventRounds "7"]
[EventCountry "GER"]
[SourceTitle "EXT 2010"]
[Source "ChessBase"]
[SourceDate "2010.11.25"]
[SourceVersion "1"]
[SourceVersionDate "2010.11.25"]
[SourceQuality "1"]

1. d4 Nf6 2. c4 e6 3. Nc3 c5 4. e3 d5 5. Nf3 Nc6 6. cxd5 Nxd5 7. Bb5 Bd7 8. Nxd5 exd5 9. 0-0 a6 10. Be2 c4 11. Qc2 Be7 12. e4 b5 13. exd5 Nb4 14. Qe4 0-0 15. a3 f5 16. Qe5 Bf6 17. Qd6 Nc2 18. Rb1 Nxd4 19. Nxd4 Bxd4 20. Rd1 Bf6 21. Be3 Re8 22. Qg3 Be5 23. f4 Bf6 24. d6 Bc6 25. Bh5 Re6 26. Bc5 Qd7 27. b3 c3 28. Rbc1 a5 29. Bd4 b4 30. Bxf6 Rxf6 31. Qd3 Rc8 32. Qc4+ Kf8 33. axb4 axb4 34. Qxb4 1-0

[Event "Bad Harzburg op"]
[Site "Bad Harzburg"]
[Date "2007.10.24"]
[Round "2"]
[White "Finke, Harald"]
[Black "Lau, Juergen"]
[Result "1-0"]
[WhiteElo "1990"]
[BlackElo "2157"]
[PlyCount "75"]
[EventDate "2007.10.23"]
[EventType "swiss"]
[EventRounds "7"]
[EventCountry "GER"]
[SourceTitle "EXT 2009"]
[Source "ChessBase"]
[SourceDate "2008.11.26"]
[SourceVersion "1"]
[SourceVersionDate "2008.11.26"]
[SourceQuality "1"]

1. d4 d5 2. Nf3 e6 3. e3 c5 4. c3 Nf6 5. Bd3 Nc6 6. Nbd2 Bd6 7. 0-0 0-0 8. dxc5 Bxc5 9. e4 Qc7 10. Qe2 b6 11. e5 Nd7 12. Re1 f6 13. exf6 Nxf6 14. Nb3 Bd6 15. Nbd4 Nxd4 16. cxd4 Bd7 17. Bd2 Rae8 18. Rac1 Qb8 19. Ne5 Bxe5 20. dxe5 Ne4 21. Bxe4 dxe4 22. Qxe4 Bc8 23. Qc6 Bb7 24. Qc7 Qa8 25. f3 Rd8 26. Bc3 Bd5 27. Qe7 Rf7 28. Qg5 Rf5 29. Qh4 g5 30. Qg3 Rd7 31. Rcd1 Rg7 32. Rd4 Bxa2 33. Red1 Bd5 34. Qh3 Qc8 35. Qxf5 exf5 36. Rxd5 Qc4 37. Rd8+ Kf7 38. e6+ 1-0

[Event "Bad Harzburg op"]
[Site "Bad Harzburg"]
[Date "2007.10.24"]
[Round "3"]
[White "Heinemann, Ernst"]
[Black "Finke, Harald"]
[Result "1-0"]
[WhiteElo "2216"]
[BlackElo "1990"]
[PlyCount "115"]
[EventDate "2007.10.23"]
[EventType "swiss"]
[EventRounds "7"]
[EventCountry "GER"]
[SourceTitle "EXT 2009"]
[Source "ChessBase"]
[SourceDate "2008.11.26"]
[SourceVersion "1"]
[SourceVersionDate "2008.11.26"]
[SourceQuality "1"]

1. e4 c6 2. d4 d5 3. Nc3 dxe4 4. Nxe4 Bf5 5. Ng3 Bg6 6. h4 h6 7. N1e2 Nf6 8. Nf4 Bh7 9. Bc4 e6 10. Nfh5 Nbd7 11. c3 Nxh5 12. Nxh5 Nf6 13. Bf4 Nxh5 14. Qxh5 Bg6 15. Qg4 h5 16. Qg3 Qd7 17. 0-0-0 0-0-0 18. Rhe1 Bf5 19. Re5 Bd6 20. Ra5 Qc7 21. Rxf5 exf5 22. Bxd6 Qxd6 23. Qxd6 Rxd6 24. Bxf7 g6 25. d5 cxd5 26. Bxd5 Rhd8 27. c4 b6 28. Re1 Kd7 29. Kd2 Re8 30. Rxe8 Kxe8 31. Ke3 Ke7 32. Kd4 Rd8 33. Ke5 a5 34. b3 Rd7 35. a3 Rd8 36. b4 axb4 37. axb4 Rc8 38. Kd4 Rc7 39. Ke5 Ra7 40. Kf4 Kf6 41. f3 Ra4 42. b5 Ra2 43. g3 Rd2 44. Bg8 Rd4+ 45. Ke3 Rd8 46. Bd5 Ke5 47. Bf7 Rd6 48. f4+ Kf6 49. Bd5 Rd7 50. Kd4 Rc7 51. Bc6 Ra7 52. c5 Ke6 53. cxb6 Ra1 54. b7 Rd1+ 55. Kc5 Rd8 56. Kb6 Kd6 57. Ka7 Kc7 58. Bf3 1-0

[Event "Niedersachsen-ch M"]
[Site "Verden"]
[Date "2007.01.06"]
[Round "7"]
[White "Jakobeit, David"]
[Black "Finke, Harald"]
[Result "1-0"]
[WhiteElo "2011"]
[BlackElo "1956"]
[PlyCount "27"]
[EventDate "2007.01.03"]
[EventType "swiss"]
[EventRounds "9"]
[EventCountry "GER"]
[SourceTitle "EXT 2008"]
[Source "ChessBase"]
[SourceDate "2007.11.25"]
[SourceVersion "1"]
[SourceVersionDate "2007.11.25"]
[SourceQuality "1"]

1. e4 c6 2. d4 d5 3. exd5 cxd5 4. c4 e6 5. Nf3 Nf6 6. Nc3 Be7 7. Bg5 0-0 8. Bd3 b6 9. h4 Bb7 10. Bxf6 Bxf6 11. Bxh7+ Kh8 12. Bb1 Be7 13. Ne5 Nd7 14. Qh5+ 1-0

[Event "Niedersachsen-ch M"]
[Site "Verden"]
[Date "2007.01.05"]
[Round "6"]
[White "Finke, Harald"]
[Black "Tonndorf, Matthias"]
[Result "0-1"]
[WhiteElo "1956"]
[BlackElo "2107"]
[PlyCount "82"]
[EventDate "2007.01.03"]
[EventType "swiss"]
[EventRounds "9"]
[EventCountry "GER"]
[SourceTitle "EXT 2008"]
[Source "ChessBase"]
[SourceDate "2007.11.25"]
[SourceVersion "1"]
[SourceVersionDate "2007.11.25"]
[SourceQuality "1"]

1. d4 Nf6 2. Nf3 e6 3. e3 c5 4. Bd3 b6 5. Nbd2 Bb7 6. 0-0 Be7 7. c3 d5 8. Ne5 0-0 9. Qf3 Nc6 10. Qh3 g6 11. f4 Ne8 12. Rf3 f5 13. Qh6 Nxe5 14. dxe5 Rf7 15. Qh3 Qc7 16. g4 Ng7 17. gxf5 exf5 18. Rg3 Rd8 19. Nf3 Qc6 20. Bd2 Kh8 21. Kf2 Nh5 22. Rg2 Qe6 23. Rag1 d4 24. Be2 dxe3+ 25. Bxe3 Qxa2 26. Ng5 Bxg5 27. Rxg5 Qxb2 28. Bc1 Qc2 29. Re1 Ba6 30. Rgg1 Ng7 31. Qf3 Bb7 32. Qe3 Rfd7 33. Kf1 Rd3 34. Qf2 Rh3 35. Rg3 Rxg3 36. hxg3 Qxc3 37. Bb5 Qb3 38. Qe2 Qxg3 39. e6 Bf3 40. e7 Bxe2+ 41. Rxe2 Rd1+ 0-1

[Event "Blankenburg op-A 14th"]
[Site "Blankenburg"]
[Date "2006.09.30"]
[Round "2"]
[White "Finke, Harald"]
[Black "Heinze, Alexander"]
[Result "1/2-1/2"]
[WhiteElo "2003"]
[BlackElo "2089"]
[PlyCount "106"]
[EventDate "2006.09.29"]
[EventType "swiss"]
[EventRounds "7"]
[EventCountry "GER"]
[SourceTitle "EXT 2015"]
[Source "ChessBase"]
[SourceDate "2014.11.20"]
[SourceVersion "1"]
[SourceVersionDate "2014.11.20"]
[SourceQuality "1"]

1. d4 Nf6 2. Nf3 g6 3. e3 Bg7 4. Bd3 0-0 5. 0-0 d6 6. Nbd2 Nbd7 7. Re1 e5 8. c3 Ne8 9. e4 c6 10. Nc4 Qc7 11. Bg5 f6 12. Bh4 d5 13. exd5 cxd5 14. Ne3 Nb6 15. dxe5 fxe5 16. Qb3 Be6 17. Ng5 Qd6 18. Nxe6 Qxe6 19. Rad1 Nf6 20. f3 Rad8 21. Ng4 Nbd7 22. Bxf6 Bxf6 23. Be4 Qb6+ 24. Qxb6 Nxb6 25. Bc2 Nc4 26. Nxf6+ Rxf6 27. Bb3 Rfd6 28. Rxd5 Rxd5 29. Bxc4 Kf8 30. Bxd5 Rxd5 31. Kf2 Ke7 32. Re2 Kf6 33. Ke3 Rd1 34. Rd2 Rg1 35. c4 Ke6 36. Kd3 Rc1 37. Re2 g5 38. h4 gxh4 39. f4 e4+ 40. Kxe4 Kf6 41. b3 Rd1 42. Kf3 h5 43. Ke4 Rf1 44. Rd2 Re1+ 45. Kf3 Rf1+ 46. Ke3 Re1+ 47. Re2 Rd1 48. Rf2 Kf5 49. Ke2 Rd4 50. c5 Rd5 51. b4 a5 52. Ke3 axb4 53. Rc2 Rd1 1/2-1/2

[Event "Blankenburg op-A 14th"]
[Site "Blankenburg"]
[Date "2006.09.29"]
[Round "1"]
[White "Paul, Johannes"]
[Black "Finke, Harald"]
[Result "1/2-1/2"]
[WhiteElo "2177"]
[BlackElo "2003"]
[PlyCount "66"]
[EventDate "2006.09.29"]
[EventType "swiss"]
[EventRounds "7"]
[EventCountry "GER"]
[SourceTitle "EXT 2015"]
[Source "ChessBase"]
[SourceDate "2014.11.20"]
[SourceVersion "1"]
[SourceVersionDate "2014.11.20"]
[SourceQuality "1"]

1. c4 Nf6 2. Nf3 e6 3. g3 d5 4. Bg2 Bd6 5. 0-0 0-0 6. d4 c5 7. cxd5 exd5 8. Nc3 Nc6 9. Bg5 Be6 10. e4 dxe4 11. Nxe4 Nxd4 12. Nxd4 cxd4 13. Qxd4 Be7 14. Nxf6+ Bxf6 15. Bxf6 Qxf6 16. Qxf6 gxf6 17. b3 Rab8 18. Rac1 Rfd8 19. f4 f5 20. Rfd1 Kf8 21. Kf2 Rxd1 22. Rxd1 Ke7 23. Rc1 Kd6 24. Ke3 Re8 25. Kd4 Re7 26. Rc2 Rd7 27. Bf3 Ke7+ 28. Ke3 Kf6 29. b4 Re7 30. Kf2 Rd7 31. Ke3 Re7 32. Kf2 Rd7 33. Ke3 Re7 1/2-1/2

[Event "Niedersachsen-ch"]
[Site "Verden"]
[Date "2006.01.07"]
[Round "7"]
[White "Finke, Harald"]
[Black "Herrmann, Andreas"]
[Result "1-0"]
[WhiteElo "1963"]
[BlackElo "2214"]
[PlyCount "81"]
[EventDate "2006.01.??"]
[EventType "swiss"]
[EventRounds "7"]
[EventCountry "GER"]
[SourceTitle "CBM 110 Extra"]
[Source "ChessBase"]
[SourceDate "2006.03.10"]
[SourceVersion "2"]
[SourceVersionDate "2006.03.10"]
[SourceQuality "1"]

1. d4 Nf6 2. c4 c5 3. d5 e5 4. Nc3 d6 5. e4 Be7 6. g3 0-0 7. Bg2 a6 8. Nge2 Ne8 9. 0-0 Bg5 10. f4 exf4 11. gxf4 Bf6 12. Be3 b5 13. cxb5 axb5 14. a3 Nd7 15. Qc2 Ba6 16. b4 Rc8 17. Rac1 Nb6 18. e5 Nc4 19. Bf2 dxe5 20. Bxc5 Ned6 21. Rf3 Re8 22. Rh3 g6 23. Ne4 Nxe4 24. Bxe4 Nd6 25. f5 Nxe4 26. Qxe4 Bb7 27. fxg6 hxg6 28. Rd1 Bg7 29. Nc3 f5 30. Qg2 Qf6 31. Rg3 Kf7 32. Nxb5 Red8 33. Nc3 e4 34. Nxe4 Rxd5 35. Qa2 Qb2 36. Qc4 Qe5 37. Nc3 Rcd8 38. Rgd3 Ke6 39. Nxd5 Bxd5 40. Qh4 Rh8 41. Qe7# 1-0

[Event "Niedersachsen-ch"]
[Site "Verden"]
[Date "2006.01.05"]
[Round "2"]
[White "Ljubarskij, Jurij"]
[Black "Finke, Harald"]
[Result "1-0"]
[WhiteElo "2284"]
[BlackElo "1963"]
[PlyCount "63"]
[EventDate "2006.01.??"]
[EventType "swiss"]
[EventRounds "7"]
[EventCountry "GER"]
[SourceTitle "CBM 110 Extra"]
[Source "ChessBase"]
[SourceDate "2006.03.10"]
[SourceVersion "2"]
[SourceVersionDate "2006.03.10"]
[SourceQuality "1"]

1. e4 c6 2. Nc3 d5 3. Nf3 Bg4 4. h3 Bxf3 5. Qxf3 e6 6. g3 Nd7 7. Bg2 Ngf6 8. d3 Bd6 9. 0-0 0-0 10. Qe2 dxe4 11. dxe4 e5 12. f4 Qe7 13. f5 b5 14. g4 Ne8 15. g5 f6 16. h4 Nb6 17. Nd1 Bc5+ 18. Kh2 Qf7 19. Nf2 Bxf2 20. Rxf2 Rd8 21. Qg4 g6 22. Be3 Kh8 23. Bh3 Nc4 24. Bc5 Rg8 25. b3 Nb6 26. Raf1 fxg5 27. fxg6 Qxg6 28. h5 Qg7 29. Rf7 Qh6 30. Bf8 Ng7 31. Bxg7+ Rxg7 32. R7f6 1-0